[Event "Haustmót Taflfélags Reykjavíkur 2015,"]
[Site "Faxafen 12, Reykjavík"]
[Date "2015.10.14"]
[Round "8.2"]
[White "Sigurdsson, Snorri Thor"]
[Black "Stefansson, Vignir Vatnar"]
[Result "0-1"]
[WhiteElo "1956"]
[BlackElo "1921"]
[PlyCount "80"]
[EventDate "2015.09.13"]

1. d4 Nf6 2. Bf4 d5 3. e3 Bf5 4. c4 e6 5. Nc3 Bd6 6. Bg3 O-O 7. Nf3 Bb4 8. Bd3
Ne4 9. Qc2 Qc8 10. Ke2 Bxc3 11. bxc3 Nxg3+ 12. hxg3 dxc4 13. Be4 Bxe4 14. Qxe4
f5 15. Qh4 h6 16. Ne5 Qe8 17. a4 Nd7 18. Nxc4 Nb6 19. Ne5 Nxa4 20. c4 b5 21.
Qh5 Nc3+ 22. Kd3 Ne4 23. Ke2 Qxh5+ 24. Rxh5 b4 25. Nc6 b3 26. Rhh1 Nc3+ 27. Kd3
b2 28. Kxc3 bxa1=Q+ 29. Rxa1 a5 30. Rxa5 Rxa5 31. Nxa5 Ra8 32. Nb3 Ra2 33. Nd2
g5 34. e4 Kf7 35. Kd3 h5 36. Ke3 f4+ 37. gxf4 gxf4+ 38. Ke2 f3+ 39. gxf3 h4 40.
Ke3 Rxd2 0-1

[Event "Haustmót Taflfélags Reykjavíkur 2015,"]
[Site "Faxafen 12, Reykjavík"]
[Date "2015.10.14"]
[Round "8.3"]
[White "Sigurjonsson, Siguringi"]
[Black "Birkisson, Bjorn Holm"]
[Result "0-1"]
[WhiteElo "1989"]
[BlackElo "1907"]
[PlyCount "130"]
[EventDate "2015.09.13"]

1. g3 d5 2. Bg2 c6 3. Nf3 Nf6 4. d3 e6 5. Nbd2 Nbd7 6. O-O Be7 7. e4 dxe4 8.
dxe4 e5 9. Re1 b5 10. a4 Bb7 11. Nh4 g6 12. Qe2 a6 13. b3 O-O 14. Bb2 Re8 15.
Nhf3 Bf8 16. h4 h5 17. Bh3 Bg7 18. c4 b4 19. Rad1 Qc7 20. Ng5 Nc5 21. Qe3 Nfd7
22. Nf1 Rad8 23. Bxd7 Nxd7 24. Rd3 Nf8 25. Red1 Rxd3 26. Rxd3 f6 27. Nh3 Bc8
28. Kh2 Bxh3 29. Kxh3 Rd8 30. Qd2 Rxd3 31. Qxd3 Qd7+ 32. Qxd7 Nxd7 33. f4 exf4
34. gxf4 Nc5 35. Nd2 Nd3 36. Bd4 Nxf4+ 37. Kh2 Ne6 38. Be3 f5 39. exf5 gxf5 40.
Nf3 Kf7 41. Ng5+ Nxg5 42. hxg5 Kg6 43. Kh3 Bf8 44. Bf4 Be7 45. Kh4 Bd8 46. Bd2
Be7 47. Bf4 Bc5 48. Kg3 Bd4 49. Bd2 Bc3 50. Bf4 Be1+ 51. Kh3 h4 52. Be3 Kh5 53.
Bf4 Bg3 54. Bd2 f4 55. Bxb4 f3 56. Bc5 f2 57. Bxf2 Bxf2 58. b4 a5 59. b5 cxb5
60. cxb5 Kxg5 61. Kg2 Bb6 62. Kh3 Kh5 63. Kg2 Kg4 64. Kh1 Kf4 65. Kh2 Ke5 0-1

[Event "Haustmót Taflfélags Reykjavíkur 2015,"]
[Site "Faxafen 12, Reykjavík"]
[Date "2015.10.14"]
[Round "8.4"]
[White "Jonsson, Olafur Gisli"]
[Black "Ragnarsson, Johann"]
[Result "1-0"]
[WhiteElo "1926"]
[BlackElo "2033"]
[PlyCount "89"]
[EventDate "2015.09.13"]

1. d4 d5 2. c4 e6 3. Nc3 c6 4. e4 Bb4 5. cxd5 exd5 6. e5 Ne7 7. Nf3 O-O 8. Bd3
c5 9. a3 Bxc3+ 10. bxc3 h6 11. O-O Nbc6 12. Bc2 Qa5 13. Bd2 Qc7 14. h3 Be6 15.
Qc1 Rfc8 16. Bxh6 gxh6 17. Qxh6 Bf5 18. Qg5+ Bg6 19. Nh4 Kf8 20. Nxg6+ Nxg6 21.
Rae1 cxd4 22. Qh6+ Kg8 23. e6 Nce7 24. f4 f5 25. Bxf5 dxc3 26. Bxg6 Nxg6 27.
Qxg6+ Qg7 28. Qd3 c2 29. Qxd5 Rd8 30. Qb3 Rd2 31. e7+ Kh7 32. Qf3 Qg6 33. f5
Qf7 34. f6 Rg8 35. Rf2 Rd6 36. Qe4+ Qg6 37. Qxg6+ Kxg6 38. Rxc2 Re8 39. Rc7 Ra6
40. Rf1 Kf7 41. Rxb7 Rxa3 42. Rd7 a5 43. Rd8 a4 44. Rxe8 Kxe8 45. f7+ 1-0

[Event "Haustmót Taflfélags Reykjavíkur 2015,"]
[Site "Faxafen 12, Reykjavík"]
[Date "2015.10.14"]
[Round "8.5"]
[White "Moller, Agnar T"]
[Black "Birkisson, Bardur Orn"]
[Result "1/2-1/2"]
[WhiteElo "1854"]
[BlackElo "1854"]
[PlyCount "137"]
[EventDate "2015.09.13"]

1. Nf3 d5 2. c4 e6 3. g3 Nf6 4. Bg2 Be7 5. O-O O-O 6. b3 c5 7. Bb2 d4 8. e3 Nc6
9. exd4 cxd4 10. Re1 Re8 11. Ne5 Nxe5 12. Rxe5 Nd7 13. Re1 e5 14. d3 Qc7 15.
Rf1 Bd6 16. Ba3 Nc5 17. Bxc5 Qxc5 18. Nd2 f5 19. Qc2 Qc7 20. a3 a5 21. Rfc1 Bd7
22. c5 Bf8 23. Bd5+ Be6 24. Qc4 Qd7 25. Bxe6+ Qxe6 26. c6 Qxc4 27. Rxc4 bxc6
28. Rxc6 Rab8 29. f3 g6 30. Ra6 Bh6 31. Nc4 Rxb3 32. Rxa5 Rxd3 33. Rxe5 Rc8 34.
Nd6 Rd8 35. Re8+ Rxe8 36. Nxe8 Rxf3 37. Nf6+ Kf7 38. Nd5 Ke6 39. Kg2 Rb3 40.
Nf4+ Bxf4 41. gxf4 d3 42. Kf3 d2+ 43. Ke2 Rh3 44. Kxd2 Rxh2+ 45. Ke3 Rh3+ 46.
Kf2 Rc3 47. a4 Rc6 48. a5 Ra6 49. Kg3 h6 50. Re1+ Kf6 51. Re5 Rc6 52. Re3 g5
53. Ra3 Ra6 54. Kf3 h5 55. fxg5+ Kxg5 56. Ra4 h4 57. Kg2 Kh5 58. Kh3 Kg5 59.
Kg2 f4 60. Kh3 Kf5 61. Ra3 Ke4 62. Ra4+ Kf3 63. Ra3+ Kf2 64. Ra2+ Ke3 65. Ra3+
Kd2 66. Kxh4 Kc2 67. Kg4 Kb2 68. Ra4 Kb3 69. Rxf4 1/2-1/2